| 000 | 00375cam a22001337a 4500 | ||
|---|---|---|---|
| 008 | 180718b1962 xxu||||| |||| 00| 0 eng d | ||
| 082 | _aB2 H656S | ||
| 100 | _aHobhouse, Leonard T. | ||
| 245 |
_aSocial evolution and political theory _cby Leonard T. Hobhouse |
||
| 260 |
_aCalcutta _bWorld Press _c1962 |
||
| 300 | _a218p. | ||
| 500 | _aRs.12.50 | ||
| 650 | _aPolitical Science. | ||
| 999 |
_c368351 _d368351 |
||